|
|
|
|
| LEADER |
01015nam a2200313 4500 |
| 001 |
DLU090095823 |
| 005 |
##20091201 |
| 040 |
# |
# |
|a DLU
|b eng
|
| 041 |
# |
# |
|a eng
|
| 044 |
# |
# |
|a uk
|
| 100 |
# |
# |
|a Delissio, Lisa J.
|
| 245 |
# |
# |
|a The impact of drought on the population dynamics of canopy-tree seedlings in an aseasonal Malaysian rain forest /
|c Lisa J. Delissio, Richard B. Primack.
|
| 653 |
# |
# |
|a Dipterocarps
|
| 653 |
# |
# |
|a El Nino Southern Oscillation Event
|
| 653 |
# |
# |
|a Mortality
|
| 653 |
# |
# |
|a Population dynamics
|
| 653 |
# |
# |
|a Shade-tolerant tree seedlings
|
| 653 |
# |
# |
|a Tropical rain forest
|
| 700 |
# |
# |
|a Primack, Richard B.
|
| 773 |
# |
# |
|t Journal of Tropical Ecology
|g Vol. 19, part 5 (September 2003), p. 489-500
|
| 920 |
# |
# |
|a Phòng Tạp chí -- Trung tâm Thông tin - Thư viện Trường Đại học Đà Lạt
|
| 994 |
# |
# |
|a DLU
|
| 900 |
# |
# |
|a True
|
| 911 |
# |
# |
|a Trương Bảo Trâm Anh
|
| 925 |
# |
# |
|a G
|
| 926 |
# |
# |
|a A
|
| 927 |
# |
# |
|a BB
|
| 980 |
# |
# |
|a Thư viện Trường Đại học Đà Lạt
|